|
|
|
|
| LEADER |
01096nam a2200265 a 4500 |
| 001 |
1558593 |
| 008 |
090913s1992 cau b 001 0 eng d |
| 010 |
|
|
|a 92005524
|
| 020 |
|
|
|a 0803942087
|
| 020 |
|
|
|a 0803942079
|
| 040 |
|
|
|a DLC
|c DLC
|d DLC
|
| 082 |
0 |
0 |
|a 370/.7/8073
|2 20
|
| 100 |
1 |
|
|a Maruyama, Geoffrey.
|
| 245 |
1 |
0 |
|a Research in educational settings /
|c Geoffrey Maruyama, Stanley Deno.
|
| 260 |
|
|
|a Newbury Park, Calif. :
|b Sage Publications,
|c c1992.
|
| 300 |
|
|
|a xii, 129 p. ;
|c 23 cm.
|
| 490 |
0 |
|
|a Applied social research methods series ;
|v v. 29
|
| 504 |
|
|
|a Includes bibliographical references (p. 122-124) and indexes.
|
| 541 |
1 |
|
|e 00005752
|
| 650 |
|
0 |
|a Education
|x Research
|z United States.
|
| 650 |
|
0 |
|a Education
|x Research
|z United States
|x Methodology.
|
| 700 |
1 |
|
|a Deno, Stanley L.
|
| 852 |
4 |
|
|a Ayesha Abed Library
|j General Shelf.
|
| 999 |
|
|
|c 4121
|d 4121
|
| 952 |
|
|
|0 0
|1 0
|2 ddc
|4 0
|6 370_780730000000000_MAR_1992
|7 0
|8 NFIC
|9 3797
|a BRACUL
|b BRACUL
|c GEN
|d 2009-10-03
|g 0.00
|l 1
|o 370.78073 MAR
|p 3010005752
|r 2017-09-23
|s 2017-08-17
|t 1
|w 2009-10-03
|y BK
|x No price found in the accession register.
|